00790cam a2200253 a 45000010008000000030004000080050017000120080041000290100017000700200022000870400018001090500022001270820021001491000017001702450068001872600048002553000021003035040054003246300038003786500027004166500024004436500039004677000030005063999052OSt20210118162637.0960723s1997 miu b 000 0ceng  a 96032480  a0801057116 (pbk.) aDLCcDLCdDLC00aBV4527b.L88 199700a225.9/22/0822201 aLuter, Boyd.10aWomen as Christ's disciples /cBoyd Luter and Kathy McReynolds. aGrand Rapids, Mich. :bBaker Books,cc1997. a200 p. ;c22 cm. aIncludes bibliographical references (p. 197-199).00aBible.pNew TestamentxBiography. 0aWomenxReligious life. 0aWomen in the Bible. 0aChristian lifexBiblical teaching.1 aMcReynolds, Kathy,d1960-